000 01161nam a2200313 a 4500
001
003 DO-SdBNP
005 20210906080356.0
008 100406s2020 dr ac 000 0 spa d
020 _a9789945074369
040 _aBPMSU
_bspa
_cBPMSU
082 _a923.27293
_bB742P 2020
_222
100 1 _aPérez Stefan, Reynolds J.
245 1 0 _aMemorias de Juanito :
_bhistoria vivida y recogida en las riberas del rio Camú /
_cReynolds J. Pérez Stefan.
250 _a4a. ed.
260 _aSanto Domingo :
_bArchivo General de la Nación.
_c2020
300 _a234 p. :
_bil.,retr. ;
_c25 cm.
490 0 _aPublicaciones del Archivo General de la Nación,
_v384
500 _aIncluye datos biográficos del autor en la solapa de la cubierta
500 _aIncluye referencias bibliográficas y notas al pie de las páginas
500 _aIncluye índice onomástico
504 _aBibliografía : ( p. 230-232)
590 _6Inventariado, 2021/VM
600 1 4 _aBosch, Juan,
_d1901-2001
_vBiografías
650 4 _aLiteratura dominicana
651 4 _aLa Vega (República Dominicana )
_xHistoria Local
910 _aVMateo V.
942 _2ddc
_cBK
999 _c13616
_d13616